000 01864nam a22004337a 4500
003 CHAP
005 20220817043044.0
008 971010s1965 r 10010 d
010 _a64195
011 _a65167
035 _a71429
040 _cCHAP
082 _a631.4063
_bC7 1965
111 0 0 _aCongreso Nacional de la Ciencia del Suelo (
_n2
_d: 1965
_c: México, D. F.)
_927058
245 _aMemorias
260 _aMéxico :
_bLa Sociedad,
_c1965
300 _a2 v.
590 _aBATCH-UPD
_b10
_c20130110
_lUCH01
_h0702
590 _aBATCH-UPD
_b10
_c20130110
_lUCH01
_h2326
590 _aBATCH-UPD
_b10
_c20130410
_lUCH01
_h0347
590 _aBATCH-UPD
_b10
_c20130914
_lUCH01
_h1032
590 _aCONVERSION
_b10
_c20130109
_lUCH01
_h1335
650 1 4 _aSuelos
_xCongresos.
_9110281
650 1 4 _aSuelos
_xCongresos
_xMéxico.
_9110282
710 0 _aSociedad Mexicana de la Ciencia del Suelo.
901 _aBK
942 _cLIBRO
949 _a631.4063 C7 1965
_bBC
_cCONG
_d-144566
_eCONG
_fv.1 c.3
_h31411
_i71429
_si
949 _a631.4063 C7 1965
_bBC
_cCONG
_d-144567
_eCONG
_fv.2
_h12438
_i71429
_si
949 _a631.4063 C7 1965
_bBC
_cCONG
_d33724000557237
_eCONG
_fv.2 c.2
_h16573
_i71429
_si
949 _a631.4063 C7 1965
_bBC
_cLIBRO
_d-144568
_eLIBRO
_fv.2 c.2
_h16573
_i71429
_si
949 _a631.4063 C7 1965
_bBC
_cLIBRO
_d33724000557179
_eLIBRO
_fv.1 c.2
_h16572
_i71429
_si
949 _a631.4063 C7 1965
_bBC
_cLIBRO
_d33724000557187
_eLIBRO
_fv.1 c.4
_h51494
_i71429
_si
949 _a631.4063 C7 1965
_bBC
_cLIBRO
_d33724000557211
_eLIBRO
_fv.1
_h12437
_i71429
_si
949 _a631.4063 C7 1965
_bS
_cLIBRO
_d-4054
_eLIBRO
_fv.1
_h2503
_i71429
_si
949 _a631.4063 C7 1965
_bS
_cLIBRO
_d-53376
_eLIBRO
_fv.1 c.2
_h2504
_i71429
_si
949 _a631.4063 C7 1965
_bS
_cLIBRO
_d-53377
_eLIBRO
_fv.2
_h2505
_i71429
_si
949 _a631.4063 C7 1965
_bS
_cLIBRO
_d-53378
_eLIBRO
_fv.2 c.2
_h2506
_i71429
_si
999 _c64195
_d64195